La prehistoria /

La presente colección, que pretende resultar útil tanto a los estudiantes universitarios como al público interesado en el desarrollo del fenómeno histórico-científico, se presenta en conjunto como un panorama general de la Ciencia, desde la Prehistoria hasta el primer tercio del siglo XX, en el que...

Full description

Bibliographic Details
Main Author: Eiroa, Jorge Juan
Format: Libro
Language:Spanish
Published: Madrid Akal 1994
Series:Historia de la Ciencia y de la Técnica
Subjects:

MARC

LEADER 00000cam a2200000 a 4500
001 022674
003 UAHC_CL
005 20170803122140.0
008 071030s1994 sp 000 spa
020 |z 847600987X 
040 |a UAHC_CL  |c UAHC_CL  |d UAHC_CL 
082 0 4 |a 930.12  |b E34  |2 20 
100 1 |a Eiroa, Jorge Juan 
245 1 3 |a La prehistoria /  |c Jorge Juan Eiroa. 
260 |b Akal  |a Madrid  |c 1994 
300 |a 2 v. 
490 0 |a Historia de la Ciencia y de la Técnica 
505 0 |a v.1: Paleolítico y Neolítico. -- v.2: La edad de los metales.- 
520 |a La presente colección, que pretende resultar útil tanto a los estudiantes universitarios como al público interesado en el desarrollo del fenómeno histórico-científico, se presenta en conjunto como un panorama general de la Ciencia, desde la Prehistoria hasta el primer tercio del siglo XX, en el que cada libro ha sido redactado por especialistas en la materia que incorporan a sus textos los últimos avances de la investigación; de este modo se logra que cada libro, las ilustraciones gráficas, las citas de textos clásicos, y las bibliografías y cronologías, hacen más fácil y fecunda su lectura y consulta. En la redacción y puesta a punto de la obra ha participado un amplio equipo de prestigiosos especialistas pertenecientes a la Universidad española, al Consejo Superior de investigaciones Científicas, y a la Biblioteca Nacional, así como las Universidades de Ecuador y Francia. 
521 |a Orígen y evolución del hombre 
521 |a Culturas originarias de América 
521 |a Nucleo investigación de la realidad insular 
650 4 |a EDAD DE PIEDRA 
650 4 |a PREHISTORIA 
653 |a ANTROPOLOGIA 
658 |a Seelenfreund, Andrea 
900 |a 930.12 EIR 
942 |c BK 
952 |0 0  |1 0  |4 0  |6 930_120000000000000_EIR  |7 0  |8 General  |9 45092  |a BC  |b BC  |c General  |d 2017-08-03  |l 0  |o 930.12 EIR  |p 1360562  |r 2026-01-13 00:00:00  |t 1  |w 2017-08-03  |y BK 
952 |0 0  |1 0  |4 0  |6 930_120000000000000_EIR  |7 0  |8 General  |9 45093  |a BC  |b BC  |c General  |d 2017-08-03  |l 0  |o 930.12 EIR  |p 1360563  |r 2026-01-13 00:00:00  |t 2  |w 2017-08-03  |y BK 
952 |0 0  |1 0  |4 0  |6 930_120000000000000_EIR  |7 0  |8 General  |9 45094  |a BC  |b BC  |c General  |d 2017-08-03  |l 0  |o 930.12 EIR  |p 1360564  |r 2026-01-13 00:00:00  |t 1  |w 2017-08-03  |y BK 
952 |0 0  |1 0  |4 0  |6 930_120000000000000_EIR  |7 0  |8 General  |9 45095  |a BC  |b BC  |c General  |d 2017-08-03  |l 0  |o 930.12 EIR  |p 1360565  |r 2026-01-13 00:00:00  |t 2  |w 2017-08-03  |y BK 
999 |c 22674  |d 22674